| 000 -LEADER |
| fixed length control field |
01621nam a22001577a 4500 |
| 008 - FIXED-LENGTH DATA ELEMENTS--GENERAL INFORMATION |
| fixed length control field |
200924b ||||| |||| 00| 0 eng d |
| 100 ## - MAIN ENTRY--PERSONAL NAME |
| Personal name |
Kaura, V. and Rani, M. |
| 245 ## - TITLE STATEMENT |
| Title |
India’s neighbourhood policy during 2014– 2019: political context and policy outcomes |
| 260 ## - PUBLICATION, DISTRIBUTION, ETC. (IMPRINT) |
| Place of publication, distribution, etc |
Indian Journal of Public Administration |
| 300 ## - PHYSICAL DESCRIPTION |
| Extent |
66(1), Mar, 2020: p.10-27. |
| 520 ## - SUMMARY, ETC. |
| Summary, etc |
After Narendra Modi became the Prime Minister of India in 2014, New Delhi has been striving hard to achieve for India the great power status by consolidating its dominant position in South Asia and expanding its reach in the Indian Ocean. There have been many successes when it comes to foreign policy in general. However, five years after Modi began his term by inviting leaders of all SAARC countries to his swearing-in ceremony, the expectations aroused by his government’s neighbourhood policy and the energy invested in driving it seem to have faded, leading to a shift in focus on BIMSTEC. This article looks at India’s bilateral relations with India’s neighbours and argues that the major challenges come from insufficient perception management, lack of regional connectivity, gaps in project implementation, and external environment created by China’s unprecedented foray into each of India’s neighbours. The policy planners and decision-makers need to do serious policy homework to improve the outcomes. - Reproduced
|
| 650 ## - SUBJECT ADDED ENTRY--TOPICAL TERM |
| Topical term or geographic name as entry element |
Modi government, Neighbourhood, Strategic, Foreign relations, BRI |
| 9 (RLIN) |
17951 |
| 773 ## - HOST ITEM ENTRY |
| Main entry heading |
Indian Journal of Public Administration |
| 906 ## - LOCAL DATA ELEMENT F, LDF (RLIN) |
| Subject DIP |
FOREIGN POLICY - INDIA |
| 942 ## - ADDED ENTRY ELEMENTS (KOHA) |
| Item type |
Articles |